Uso de las estadísticas vitales de mortalidad para evaluar el impacto de la reforma del sector de la salud en las localidades de Costa Rica (Registro nro. 33367)

Detalles MARC
000 -LEADER
fixed length control field 00436 a2200109 4500
001 - CONTROL NUMBER
control field ART_44808
005 - DATE AND TIME OF LATEST TRANSACTION
control field 20260410162024.0
008 - FIXED-LENGTH DATA ELEMENTS--GENERAL INFORMATION
fixed length control field 260409a
100 1# - MAIN ENTRY--PERSONAL NAME
Personal name Rosero Bixby, Luis
245 10 - TITLE STATEMENT
Title Uso de las estadísticas vitales de mortalidad para evaluar el impacto de la reforma del sector de la salud en las localidades de Costa Rica
773 0# - HOST ITEM ENTRY
Title Notas de población
Related parts - Año XXXVI, Nº 89 (jul./dic. 2009)
Record control number REV41841

No hay ítems disponibles.